LEADER 01118nam2-2200373---450- 001 990001451200203316 005 20041104140958.0 035 $a000145120 035 $aUSA01000145120 035 $a(ALEPH)000145120USA01 035 $a000145120 100 $a20040225g19..----km-y0itay0103----ba 101 0 $aita 102 $aIT 105 $aa|||||||001yy 200 1 $a<<2.>> : Monografie regionali$frealizzate di concerto con il Ministero dei lavori pubblici 210 $aSan Lorenzo in Campo$cGeotecneco (Gruppo Eni)$d19..- 215 $av.$cill., c. geogr.$d27 cm 410 0$12001 454 1$12001 461 1$1001000145118$12001$aCarta della montagna 607 $aItalia$xZone montane 676 $a914.5 712 02$aItalia : Ministero dei lavori pubblici 801 0$aIT$bsalbc$gISBD 912 $a990001451200203316 951 $aI L 160/$bL.M.$cI L 959 $aBK 969 $aUMA 979 $aSIAV4$b10$c20040225$lUSA01$h0917 979 $aPATRY$b90$c20040406$lUSA01$h1742 979 $aSIAVER$b90$c20041104$lUSA01$h1409 996 $aMonografie regionali$9216724 997 $aUNISA LEADER 01074nam0-22003251i-450- 001 990004085410403321 005 20130423124137.0 035 $a000408541 035 $aFED01000408541 035 $a(Aleph)000408541FED01 035 $a000408541 100 $a20130423d1976----km-y0itay50------ba 101 0 $aita 102 $aIT 105 $ay-------00-y- 200 1 $aItalia e Stati Uniti durante l'amministrazione Truman$fElena Aga Rossi Sitzia ... [et al.] 210 $aMilano$cFrancoAngeli$d1976 215 $a406 p.$d22 cm 225 1 $aCollana dell'Istituto di scienze storiche della Facoltą di scienze politiche dell'Universitą di Padova e del Cesdoc$hSez. 1$iAtti e documentazione$v1 676 $a327.45073$v21$zita 702 1$aAga-Rossi,$bElena 801 0$aIT$bUNINA$gRICA$2UNIMARC 901 $aBK 912 $a990004085410403321 952 $a327.45 AGA 1$bDDS.2763$fFLFBC 952 $aSE 30B.07.03-$b3588$fDECSE 959 $aFLFBC 959 $aDECSE 996 $aItalia e Stati Uniti durante l'amministrazione Truman$9479624 997 $aUNINA LEADER 04056nam 2200553 450 001 9910788160003321 005 20170822122611.0 010 $a1-5381-3443-8 010 $a1-4422-4554-9 035 $a(CKB)2670000000601373 035 $a(EBL)1987858 035 $a(SSID)ssj0001439873 035 $a(PQKBManifestationID)12567307 035 $a(PQKBTitleCode)TC0001439873 035 $a(PQKBWorkID)11383382 035 $a(PQKB)10261444 035 $a(MiAaPQ)EBC1987858 035 $a(EXLCZ)992670000000601373 100 $a20150327h20152015 uy 0 101 0 $aeng 135 $aur|n|---||||| 181 $ctxt 182 $cc 183 $acr 200 12$aA book about the film Monty Python and the Holy Grail $eall the references from African swallows to Zoot /$fDarl Larsen 210 1$aLanham, Maryland :$cRowman & Littlefield,$d2015. 210 4$d©2015 215 $a1 online resource (633 p.) 300 $aDescription based upon print version of record. 311 $a1-4422-4553-0 311 $a1-336-19763-3 320 $aIncludes bibliographical references and index. 327 $aCONTENTS; ACKNOWLEDGMENTS; INTRODUCTION; ABBREVIATIONS; SCENE ONE. TITLE AND CREDIT SEQUENCE; SCENE TWO. COCONUTS AND SWALLOWS; SCENE THREE. ANIMATION / LIVE ACTION SEQUENCE; SCENE FOUR. "BRING OUT YOUR DEAD"; SCENE FIVE. DENNIS THE PEASANT; SCENE SIX. THE BLACK KNIGHT; SCENE SEVEN. FLAGELLANT MONKS AND "SHE'S A WITCH!"; SCENE EIGHT. VARIOUS MONTAGE-ANIMATION; SCENE NINE. THE BOOK OF THE FILM; SCENE TEN. CAMELOT ("IT IS A SILLY PLACE"); SCENE ELEVEN. GOD ANNOUNCES THE GRAIL QUEST; SCENE TWELVE. TITLE SEQUENCE ANIMATION; SCENE THIRTEEN. TAUNTING BY FRENCHMEN; SCENE FOURTEEN. THE WOODEN RABBIT 327 $aSCENE FIFTEEN. A VERY FAMOUS HISTORIANSCENE SIXTEEN. THE TALE OF SIR ROBIN; SCENE SEVENTEEN. THE TALE OF SIR GALAHAD AND SPRINGBOARD NOVITIATES; SCENE EIGHTEEN. CASTLE ANTHRAX; SCENE NINETEEN. ANIMATION / LIVE ACTION SCENE 24; SCENE TWENTY. THE BLIND SOOTHSAYER OR "SCENE 24"; SCENE TWENTY-ONE. THE KNIGHTS WHO SAY "NI"; SCENE TWENTY-TWO. DEAD HISTORIAN AND POLICE; SCENE TWENTY-THREE. THE TALE OF SIR LAUNCELOT-"BLOODY WEATHER"; SCENE TWENTY-FOUR. THE TALE OF SIR LAUNCELOT SCENE; SCENE TWENTY-FIVE. LAUNCELOT AND CONCORDE; SCENE TWENTY-SIX. LAUNCELOT STORMS SWAMP CASTLE 327 $aSCENE TWENTY-SEVEN. TOOTHLESS OLD CRONE AND ROGER THE SHRUBBERSCENE TWENTY-EIGHT. KNIGHTS OF NI GET THEIR SHRUBBERY; SCENE TWENTY-NINE. THE DEAD HISTORIAN COVERED; SCENE THIRTY. KING BRIAN THE WILD; SCENE THIRTY-ONE. "PASSING SEASONS" ANIMATION; SCENE THIRTY-TWO. TIM THE ENCHANTER; SCENE THIRTY-THREE. KILLER RABBIT, AND HOLY HAND GRENADE; SCENE THIRTY-FOUR. THE CAVE OF CAERBANNO; SCENE THIRTY-FIVE. THE BRIDGE OF DEATH; SCENE THIRTY-SIX. THE WONDERFUL BARGE AND THE GRAIL CASTLE; SCENE THIRTY-SEVEN. STOP THE FILM; APPENDIX A. MONTY PYTHON AND THE HOLY GRAIL (BOOK) FACING PAGES 327 $aAPPENDIX B. PERSONAL CORRESPONDENCEBIBLIOGRAPHY; INDEX; ABOUT THE AUTHOR 330 $aAcknowledgments IntroductionList of AbbreviationsScene 1Title and Credit SequenceScene 2Coconuts and SwallowsScene 3Animation / Live Action SequenceScene 4"Bring Out Your Dead"Scene 5Dennis the PeasantScene 6The Black KnightScene 7Flagellant Monks and "She's a Witch!"Scene 8Various Montage-AnimationScene 9"The Book of the Film"Scene 10 Camelot ("It Is a Silly Place")Scene 11 God Announces the Grail QuestScene 12 Title Sequence AnimationScene 13 Taunting by FrenchmenScene 14 The Wooden RabbitScene 15 A Very Famous HistorianScene 16 The Tale of Sir RobinScene 17 The Tale of Sir Galahad and Sprin 606 $aMonty Python and the Holy Grail (Motion picture) 615 0$aMonty Python and the Holy Grail (Motion picture) 676 $a791.43/72 676 $a791.4372 700 $aLarsen$b Darl$f1963-$01492330 801 0$bMiAaPQ 801 1$bMiAaPQ 801 2$bMiAaPQ 906 $aBOOK 912 $a9910788160003321 996 $aA book about the film Monty Python and the Holy Grail$93714788 997 $aUNINA